000 00229nam a22001097a 4500
020 _a978-986-88115-1-5
100 _a潘叡儀
245 _a病房有貓耶
_c潘叡儀
250 _a初版
260 _c2023.03
942 _2ccl
_cBOOK
999 _c7498
_d7498